Khai thác và ứng dụng phần mềm elearning xhtml editor để thiết kế bài giảng điện tử

Cơ sở lí luận của việc sử dụng phần mềm elearning xhtml editor trong vật lý. Khai thác phần mềm elearning xhtml editor. Ứng dụng thiết kế bài giảng điện tử

Saved in:
Bibliographic Details
Main Author: Trần, Thị Hà Thu
Other Authors: Nguyễn, Văn Đông Th.S (Hướng dẫn)
Format: Book
Language:Vietnamese
Published: Đại học Đà Nẵng Trường đại học Sư Phạm 2010
Series:Khóa luận tốt nghiệp đại học. Chuyên ngành: Sư phạm Lý
Subjects:
Tags: Add Tag
No Tags, Be the first to tag this record!
Institutions: Mạng thư viện Đại học Đà Nẵng
LEADER 01550nam a2200349 4500
001 000012112
003 8399
005 20120215160232.0
008 120215s2010 viesd
041 |a vie 
072 |a Khóa luận tốt nghiệp 
082 |a 005.3071  |b TR-T 
100 |a Trần, Thị Hà Thu 
245 |a Khai thác và ứng dụng phần mềm elearning xhtml editor để thiết kế bài giảng điện tử  |c Trần, Thị Hà Thu 
260 |a Đại học Đà Nẵng  |b Trường đại học Sư Phạm  |c 2010 
300 |a 42 tr.  |c 29 cm 
490 |a Khóa luận tốt nghiệp đại học. Chuyên ngành: Sư phạm Lý 
500 |a Tham khảo tr.42 + phụ lục [41 tr.] 
520 |a Cơ sở lí luận của việc sử dụng phần mềm elearning xhtml editor trong vật lý. Khai thác phần mềm elearning xhtml editor. Ứng dụng thiết kế bài giảng điện tử 
653 |a Khóa luận tốt nghiệp đại học 
653 |a Khoa Vật lý 
700 |a Nguyễn, Văn Đông  |c Th.S  |e Hướng dẫn 
OWN |a LSP 
AVA |a UDN50  |b LSP  |d 005.3071 TR-T  |e available  |t Error 5001 Not defined in file expand_doc_bib_avail.  |f 1  |g 0  |h N  |i 0  |k 1 
999 |a From the UDN01 
AVA |a UDN50  |b LSP  |d 005.3071 TR-T  |e available  |t Error 5001 Not defined in file expand_doc_bib_avail.  |f 1  |g 0  |h N  |i 0  |k 1 
TYP |a Monograph 
TYP |a Printed language 
980 |a Mạng thư viện Đại học Đà Nẵng